Alabama Top 25 Cities - Statistics

General Stats
  • This quiz has been taken 10 times
  • The average score is 11 of 25
Answer Stats
Hint Answer % Correct
200,000 Birmingham
100%
180,000 Mobile
100%
190,000 Montgomery
100%
67,000 Auburn
80%
200,000 Huntsville
80%
100,000 Tuscaloosa
80%
68,000 Dothan
60%
36,700 Phenix City
60%
34,370 Alabaster
40%
26,300 Bessemer
40%
25,100 Daphne
40%
53,000 Decatur
40%
40,000 Florence
40%
35,000 Gadsden
40%
80,000 Hoover
40%
50,000 Madison
40%
31,800 Opelika
40%
36,200 Prattville
40%
34,380 Vestavia Hills
40%
30,000 Enterprise
20%
26,600 Athens
0%
22,500 Fairhope
0%
25,700 Homewood
0%
25,400 Northport
0%
22,00 Oxford
0%
No matching quizzes found
Score Distribution
Percent of People with Each Score
Percentile by Number Answered
Your Score History
You have not taken this quiz